[Event "Maia op"]
[Site "Maia"]
[Date "2024.08.29"]
[Round "7"]
[White "Perez Sousa, Xabier"]
[Black "Ternault, Mathieu"]
[Result "0-1"]
[WhiteElo "1998"]
[BlackElo "2325"]
[PlyCount "68"]
[EventDate "2024.08.23"]
[EventType "swiss"]
[EventRounds "9"]
[EventCountry "POR"]
[SourceTitle "CBM 221 Extra"]
[Source "ChessBase"]
[SourceDate "2024.09.30"]
[SourceVersion "1"]
[SourceVersionDate "2024.09.30"]
[SourceQuality "1"]

1. Nf3 b6 2. c4 Bb7 3. Nc3 Nf6 4. g3 Bxf3 5. exf3 c5 6. d4 cxd4 7. Qxd4 Nc6 8. Qd1 e6 9. Bg2 Bb4 10. Bd2 Rc8 11. 0-0 0-0 12. a3 Be7 13. f4 h5 14. h3 g6 15. g4 Qc7 16. g5 Ne8 17. f5 Qe5 18. f6 Bc5 19. Re1 Qf5 20. Ne4 Nd6 21. Nxc5 bxc5 22. b3 Nd4 23. Bc3 Qxg5 24. Bxd4 cxd4 25. Qxd4 Nf5 26. Qxd7 Nh4 27. Qb7 Rb8 28. Qe4 Rxb3 29. Kh1 Rc3 30. Bf1 Nf3 31. Bd3 Nxe1 32. Rxe1 Qxf6 33. Rg1 Rd8 34. Rg3 Qf5 0-1

[Event "Maia op"]
[Site "Maia"]
[Date "2024.08.26"]
[Round "4"]
[White "Dominguez Fernandez, Angel I"]
[Black "Perez Sousa, Xabier"]
[Result "1-0"]
[WhiteElo "2171"]
[BlackElo "1998"]
[PlyCount "65"]
[EventDate "2024.08.23"]
[EventType "swiss"]
[EventRounds "9"]
[EventCountry "POR"]
[SourceTitle "CBM 221 Extra"]
[Source "ChessBase"]
[SourceDate "2024.09.30"]
[SourceVersion "1"]
[SourceVersionDate "2024.09.30"]
[SourceQuality "1"]

1. e4 c5 2. Nf3 g6 3. c3 d5 4. exd5 Qxd5 5. Na3 a6 6. d4 cxd4 7. Bc4 Qe4+ 8. Be3 Bh6 9. Bd3 Qe6 10. Nxd4 Qd5 11. 0-0 Bxe3 12. fxe3 Nh6 13. Qd2 Qd6 14. Nc4 Qc7 15. h3 0-0 16. e4 Kg7 17. Rf3 Nc6 18. a4 Ne5 19. Nxe5 Qxe5 20. Re1 Bd7 21. Bc2 b5 22. axb5 axb5 23. Kh1 Ra2 24. Bb3 Ra6 25. Rd3 Rd6 26. Nf3 Rxd3 27. Qxd3 Qc7 28. Rd1 Bc6 29. Qd4+ Kg8 30. Ne5 e6 31. Qc5 Rc8 32. Nxc6 Qxc6 33. Rd8+ 1-0

[Event "Leca da Palmeira op 3rd"]
[Site "Leca da Palmeira"]
[Date "2024.07.31"]
[Round "1"]
[White "Alinasab, Mobina"]
[Black "Perez Sousa, Xabier"]
[Result "1-0"]
[WhiteElo "2354"]
[BlackElo "1998"]
[PlyCount "93"]
[EventDate "2024.07.31"]
[EventType "swiss"]
[EventRounds "9"]
[EventCountry "POR"]
[SourceTitle "EXT 2025"]
[Source "ChessBase"]
[SourceDate "2024.10.14"]
[SourceVersion "1"]
[SourceVersionDate "2024.10.14"]
[SourceQuality "1"]

1. e4 c5 2. Nc3 Nc6 3. g3 g6 4. Bg2 Bg7 5. d3 d6 6. Be3 Rb8 7. Qd2 b5 8. f4 b4 9. Nd1 Bd7 10. Ne2 f5 11. d4 cxd4 12. Nxd4 fxe4 13. Bxe4 Nxd4 14. Bxd4 Bxd4 15. Qxd4 Nf6 16. Ne3 Qb6 17. Qxb6 Rxb6 18. Bg2 Bc6 19. Bxc6+ Rxc6 20. 0-0-0 e6 21. Rd4 a5 22. Nc4 Nd5 23. Kb1 a4 24. a3 bxa3 25. Nxa3 Nb6 26. Rb4 Ke7 27. Re1 Rhc8 28. c3 d5 29. Nc2 Rd6 30. Nd4 Kf6 31. Nb5 Rd7 32. Nd4 Rd6 33. Rxe6+ Rxe6 34. Nxe6 Kxe6 35. Rxb6+ Kf5 36. Rd6 Rc5 37. Rd7 h5 38. Rd6 g5 39. fxg5 Kxg5 40. Ka2 Kg4 41. Re6 Rb5 42. Re2 Kf3 43. Rd2 Ke3 44. Rd4 Ke2 45. Rxa4 Kd2 46. Kb1 Rb7 47. Rd4+ 1-0

[Event "ESP-ch U16 rapid"]
[Site "Salobrena"]
[Date "2023.07.30"]
[Round "6"]
[White "Perez Sousa, Xabier"]
[Black "Cereijo Suarez, Nerea"]
[Result "1-0"]
[WhiteElo "1838"]
[BlackElo "1647"]
[PlyCount "59"]
[EventDate "2023.07.29"]
[EventType "swiss (rapid)"]
[EventRounds "9"]
[EventCountry "ESP"]
[SourceTitle "EXT 2024"]
[Source "ChessBase"]
[SourceDate "2023.10.10"]
[SourceVersion "1"]
[SourceVersionDate "2023.10.10"]
[SourceQuality "1"]

1. c4 Nf6 2. g3 e6 3. Bg2 d5 4. Nf3 c5 5. cxd5 exd5 6. d4 Nc6 7. 0-0 Qb6 8. dxc5 Bxc5 9. Nc3 Be6 10. Na4 Qb5 11. Nxc5 Qxc5 12. Be3 Qb5 13. a4 Qa5 14. Nd4 0-0 15. Rc1 Ne5 16. Bf4 Ng6 17. Bc7 Qb4 18. Nb5 Rfc8 19. Rc3 a6 20. Nd4 Qe7 21. Qc2 Ne8 22. Nxe6 fxe6 23. Bb6 Rxc3 24. Qxc3 Nd6 25. Rc1 Rc8 26. Qxc8+ Nxc8 27. Rxc8+ Kf7 28. Rc7 Ne5 29. Rxe7+ Kxe7 30. Bd4 1-0

[Event "ESP-ch U16 rapid"]
[Site "Salobrena"]
[Date "2023.07.30"]
[Round "8"]
[White "Perez Sousa, Xabier"]
[Black "Garcia Fernandez, Victor"]
[Result "1/2-1/2"]
[WhiteElo "1838"]
[BlackElo "2057"]
[PlyCount "100"]
[EventDate "2023.07.29"]
[EventType "swiss (rapid)"]
[EventRounds "9"]
[EventCountry "ESP"]
[SourceTitle "EXT 2024"]
[Source "ChessBase"]
[SourceDate "2023.10.10"]
[SourceVersion "1"]
[SourceVersionDate "2023.10.10"]
[SourceQuality "1"]

1. c4 b6 2. Nf3 Bb7 3. g3 Bxf3 4. exf3 c5 5. d4 Nc6 6. d5 Nd4 7. Be3 Nf5 8. Bf4 d6 9. Nc3 g6 10. Bd3 Nd4 11. 0-0 Bg7 12. Qa4+ Qd7 13. Qxd7+ Kxd7 14. Kg2 e5 15. dxe6+ fxe6 16. Be4 Rd8 17. Rfe1 Ne7 18. Rad1 a6 19. Ne2 Rhe8 20. Nxd4 Bxd4 21. Rd2 Nc6 22. Red1 Kc7 23. Be3 d5 24. cxd5 exd5 25. Bxd4 Nxd4 26. Bd3 b5 27. Bf1 Kc6 28. b4 Ne6 29. bxc5 Kxc5 30. Rc1+ Kb6 31. Rdc2 Rd6 32. Bd3 Re7 33. f4 Nd4 34. Rc5 Rc6 35. Rxc6+ Nxc6 36. f5 Nb4 37. Bb1 gxf5 38. a3 Nc6 39. Bxf5 Nd4 40. Bd3 Nb3 41. Rb1 Nc5 42. Bf5 Rf7 43. g4 a5 44. Rd1 Kc6 45. Rd4 Kd6 46. f4 Rb7 47. Bc8 Rc7 48. Bf5 Nb3 49. Rd3 Nc5 50. Rd4 Nb3 1/2-1/2

[Event "Mondariz Balneario op"]
[Site "Mondariz Balneario"]
[Date "2022.12.26"]
[Round "2"]
[White "Perez Sousa, Xabier"]
[Black "Teijeiro Barros, Alberto"]
[Result "1-0"]
[WhiteElo "1681"]
[BlackElo "2047"]
[PlyCount "71"]
[EventDate "2022.12.26"]
[EventType "swiss"]
[EventRounds "8"]
[EventCountry "ESP"]
[SourceTitle "CBM 212 Extra"]
[Source "ChessBase"]
[SourceDate "2023.03.31"]
[SourceVersion "1"]
[SourceVersionDate "2023.03.31"]
[SourceQuality "1"]

1. c4 Nf6 2. g3 e6 3. Bg2 d5 4. Nf3 c6 5. 0-0 Be7 6. d4 0-0 7. b3 Nbd7 8. Bb2 b6 9. Nbd2 Bb7 10. Qc2 Rc8 11. e4 dxe4 12. Nxe4 Qc7 13. Rfe1 Rfe8 14. Ne5 Nxe4 15. Bxe4 Nf6 16. Bg2 c5 17. Bxb7 Qxb7 18. Rad1 cxd4 19. Rxd4 Bc5 20. Rh4 h5 21. Nd3 Be7 22. Nf4 g5 23. Nxh5 gxh4 24. Nxf6+ Bxf6 25. Bxf6 h3 26. Re4 Red8 27. f3 Kf8 28. Rh4 Ke8 29. Rh8+ Kd7 30. Qd3+ Kc7 31. Bxd8+ Kb8 32. Bf6 Rxh8 33. Bxh8 Kc8 34. Bf6 Qc6 35. Be5 Kb7 36. Qe4 1-0

[Event "ESP-ch States U16"]
[Site "Isla"]
[Date "2022.06.24"]
[Round "3"]
[White "Perez Sousa, Xabier"]
[Black "Ano Pla, Gerard"]
[Result "0-1"]
[WhiteElo "1978"]
[BlackElo "2182"]
[PlyCount "88"]
[EventDate "2022.06.23"]
[EventType "swiss"]
[EventRounds "6"]
[EventCountry "ESP"]
[SourceTitle "EXT 2023"]
[Source "ChessBase"]
[SourceDate "2022.10.05"]
[SourceVersion "1"]
[SourceVersionDate "2022.10.05"]
[SourceQuality "1"]

1. c4 e5 2. g3 d6 3. Bg2 Nc6 4. Nc3 Be6 5. d3 Qd7 6. Rb1 g6 7. b4 Bg7 8. b5 Nd8 9. e3 Ne7 10. Nd5 0-0 11. Bd2 f5 12. Ne2 Kh8 13. 0-0 Ng8 14. Qb3 c6 15. bxc6 bxc6 16. Ndc3 g5 17. f4 gxf4 18. exf4 Ne7 19. Be3 Bg8 20. d4 e4 21. d5 cxd5 22. cxd5 Rc8 23. Rfc1 Rc7 24. Bd4 Nb7 25. Bxg7+ Kxg7 26. Qb2 Kh6 27. g4 Nc5 28. g5+ Kg6 29. Qd2 Nd3 30. Rf1 Bxd5 31. Ng3 Qe6 32. Nxd5 Qxd5 33. Qe2 Qd4+ 34. Kh1 d5 35. Bh3 Kg7 36. Nh5+ Kh8 37. Nf6 Ng8 38. Bxf5 Nxf6 39. gxf6 Qxf6 40. Bg4 Rg7 41. h3 Qh4 42. Qh2 h5 43. Be2 Rg3 44. Rb7 Rxh3 0-1

[Event "Galicia-ch U18"]
[Site "Padron"]
[Date "2022.03.01"]
[Round "8"]
[White "Rodriguez Ferreiros, Andres"]
[Black "Perez Sousa, Xabier"]
[Result "1/2-1/2"]
[WhiteElo "2210"]
[BlackElo "1849"]
[PlyCount "100"]
[EventDate "2022.02.26"]
[EventType "swiss"]
[EventRounds "8"]
[EventCountry "ESP"]
[SourceTitle "EXT 2023"]
[Source "ChessBase"]
[SourceDate "2022.10.05"]
[SourceVersion "1"]
[SourceVersionDate "2022.10.05"]
[SourceQuality "1"]

1. e4 c5 2. c3 g6 3. d4 cxd4 4. cxd4 d5 5. exd5 Nf6 6. Nc3 Nxd5 7. Nf3 Bg7 8. Qb3 Nb6 9. Be2 0-0 10. 0-0 Be6 11. Qc2 Nc6 12. Be3 Rc8 13. a3 Nd5 14. Rfd1 Na5 15. Nd2 Bf5 16. Bd3 Bxd3 17. Qxd3 Nxc3 18. bxc3 Qd5 19. Rab1 b6 20. Rb4 Nc6 21. Rb5 Qd7 22. c4 Ne5 23. Qb3 Nc6 24. d5 Nd4 25. Bxd4 Bxd4 26. Ne4 Bg7 27. a4 Qc7 28. Rc1 Qf4 29. Qe3 Qg4 30. h3 Qh4 31. Qe2 f5 32. Nd2 Rc7 33. Qe6+ Kh8 34. Nf3 Qe4 35. Ng5 Qf4 36. Qe3 Qxe3 37. fxe3 Rfc8 38. a5 Bh6 39. axb6 axb6 40. Nf7+ Kg7 41. Nxh6 Kxh6 42. Rxb6 Rxc4 43. Rxc4 Rxc4 44. Rb7 Re4 45. Kf2 Re5 46. Rd7 g5 47. Kf3 Kg6 48. g4 h5 49. d6 hxg4+ 50. hxg4 fxg4+ 1/2-1/2

[Event "Padron Pre-Mundial U12"]
[Site "Padron"]
[Date "2018.09.08"]
[Round "9"]
[White "Perez Sousa, Xabier"]
[Black "Suarez Gomez, Paula"]
[Result "0-1"]
[WhiteElo "1485"]
[BlackElo "1388"]
[PlyCount "76"]
[EventDate "2018.09.03"]
[EventType "swiss"]
[EventRounds "9"]
[EventCountry "ESP"]
[SourceTitle "EXT 2024"]
[Source "ChessBase"]
[SourceDate "2023.10.10"]
[SourceVersion "1"]
[SourceVersionDate "2023.10.10"]
[SourceQuality "1"]

1. c4 e6 2. Nf3 d5 3. g3 Nf6 4. Bg2 Be7 5. 0-0 0-0 6. b3 a5 7. Bb2 a4 8. a3 Nbd7 9. d4 axb3 10. Qxb3 c6 11. Nc3 Nb6 12. Ne5 Nbd7 13. Nf3 b6 14. Rfd1 Ba6 15. cxd5 cxd5 16. Rac1 Bc4 17. Qc2 Bxa3 18. Bxa3 Rxa3 19. Ra1 Rxa1 20. Rxa1 Qb8 21. Qa4 Qc7 22. Qb4 Rc8 23. Rc1 Qb7 24. e3 Qa6 25. Nd2 Bd3 26. Nb3 Rc4 27. Qe7 Qc8 28. Na2 Qf8 29. Qxf8+ Kxf8 30. Rd1 Bc2 31. Nd2 Bxd1 32. Nxc4 dxc4 33. Nc3 Bb3 34. Bc6 Ke7 35. Nb5 Ba4 36. Na7 Bxc6 37. Nxc6+ Kd6 38. Nd8 c3 0-1

[Event "Padron Pre-Mundial U12"]
[Site "Padron"]
[Date "2018.09.03"]
[Round "1.4"]
[White "Perez Sousa, Xabier"]
[Black "Quintas Otero, Anton"]
[Result "1-0"]
[WhiteElo "1485"]
[BlackElo "1074"]
[PlyCount "107"]
[EventDate "2018.09.03"]
[EventType "swiss"]
[EventRounds "9"]
[EventCountry "ESP"]
[SourceTitle "EXT 2024"]
[Source "ChessBase"]
[SourceDate "2023.10.10"]
[SourceVersion "1"]
[SourceVersionDate "2023.10.10"]
[SourceQuality "1"]

1. c4 e5 2. Nc3 Nf6 3. g3 d5 4. cxd5 Nxd5 5. Bg2 Nb6 6. Nf3 Nc6 7. 0-0 Be7 8. d3 f6 9. a3 Be6 10. b4 a6 11. Bd2 Rb8 12. Qc2 Qd7 13. Rfc1 Bd8 14. Ne4 Bf7 15. Nc5 Qc8 16. Nxa6 Ra8 17. Nxc7+ Qxc7 18. b5 Rc8 19. bxc6 Qxc6 20. Qxc6+ Rxc6 21. Nh4 Rxc1+ 22. Rxc1 Bd5 23. Bxd5 Nxd5 24. Rb1 b6 25. Nf5 Rg8 26. Rb5 Ne7 27. Nxe7 Bxe7 28. a4 Bc5 29. a5 Kd7 30. axb6 Kc6 31. Rb1 Bxb6 32. Rc1+ Kd7 33. Kg2 Ke7 34. Rc6 Bd8 35. Rc8 Kd7 36. Ra8 Re8 37. Ra7+ Bc7 38. Ba5 Rc8 39. Rxc7+ Rxc7 40. Bxc7 Kxc7 41. e4 Kc6 42. f4 Kc5 43. Kf3 Kd4 44. Ke2 exf4 45. gxf4 g6 46. h4 h6 47. Kf3 g5 48. fxg5 fxg5 49. hxg5 hxg5 50. Kg4 Kxd3 51. e5 Kc4 52. e6 Kc5 53. e7 Kd6 54. e8Q 1-0

[Event "Pontevedra op-B 6th"]
[Site "Pontevedra"]
[Date "2018.08.12"]
[Round "7"]
[White "Perez Sousa, Xabier"]
[Black "Moreira Novo, Brais"]
[Result "1-0"]
[WhiteElo "1467"]
[BlackElo "1155"]
[PlyCount "125"]
[EventDate "2018.08.08"]
[EventType "swiss"]
[EventRounds "9"]
[EventCountry "ESP"]
[SourceTitle "CBM 186 Extra"]
[Source "ChessBase"]
[SourceDate "2018.08.24"]
[SourceVersion "1"]
[SourceVersionDate "2018.08.24"]
[SourceQuality "1"]

1. e4 c5 2. Bc4 d6 3. Nc3 Nc6 4. f4 e6 5. Nf3 g6 6. 0-0 Bg7 7. d3 Nge7 8. Qe1 h6 9. Qh4 Na5 10. Bb5+ Bd7 11. Bxd7+ Qxd7 12. g4 0-0-0 13. e5 d5 14. a4 h5 15. Nb5 Kb8 16. Nd6 Nc8 17. Bd2 Nc6 18. Nxc8 Qxc8 19. g5 Qc7 20. a5 Bf8 21. c3 Be7 22. Ra4 Rd7 23. b4 Qc8 24. Rfa1 c4 25. dxc4 dxc4 26. Qf2 Rxd2 27. Nxd2 Nd8 28. Qd4 Nc6 29. Qxc4 Rd8 30. Ne4 Rd7 31. b5 Nd8 32. Qxc8+ Kxc8 33. Rc4+ Kb8 34. Rd4 Kc8 35. Rad1 Rxd4 36. Rxd4 b6 37. axb6 axb6 38. Nd6+ Kc7 39. Ne8+ Kc8 40. Nd6+ Kc7 41. Kf2 Bxd6 42. Rxd6 Nb7 43. Rc6+ Kd7 44. Rxb6 Kc7 45. Rxb7+ Kxb7 46. c4 Kb6 47. Ke2 Kc5 48. Kd3 Kb6 49. h4 Kc5 50. Kc3 Kb6 51. Kb4 Kb7 52. c5 Kc7 53. Ka5 Kb7 54. c6+ Kc8 55. b6 Kb8 56. Ka6 Kc8 57. c7 Kd7 58. Kb7 Ke7 59. c8Q f5 60. gxf6+ Kf7 61. Qd7+ Kf8 62. Qg7+ Ke8 63. Qe7# 1-0

[Event "Pontevedra op-B 6th"]
[Site "Pontevedra"]
[Date "2018.08.12"]
[Round "6"]
[White "Suarez Gomez, Paula"]
[Black "Perez Sousa, Xabier"]
[Result "1/2-1/2"]
[WhiteElo "1327"]
[BlackElo "1467"]
[PlyCount "58"]
[EventDate "2018.08.08"]
[EventType "swiss"]
[EventRounds "9"]
[EventCountry "ESP"]
[SourceTitle "CBM 186 Extra"]
[Source "ChessBase"]
[SourceDate "2018.08.24"]
[SourceVersion "1"]
[SourceVersionDate "2018.08.24"]
[SourceQuality "1"]

1. e4 d6 2. d4 Nf6 3. Nc3 g6 4. Nf3 Bg7 5. Bd3 0-0 6. h3 Nbd7 7. Be3 c5 8. d5 a6 9. a4 Qc7 10. 0-0 Rb8 11. a5 b5 12. axb6 Qxb6 13. Na4 Qc7 14. c4 Nb6 15. Nxb6 Rxb6 16. Qc2 Qb7 17. Ra2 Nd7 18. Rb1 Ne5 19. Nxe5 Bxe5 20. f4 Bg7 21. f5 Bd7 22. Bd2 Rb3 23. Kf2 Rb8 24. Bc1 Bd4+ 25. Ke2 Bc8 26. g4 Qb6 27. Qd2 Bc3 28. Qc2 Bd4 29. Qd2 Bc3 1/2-1/2

[Event "ESP-ch U10"]
[Site "Salobrena"]
[Date "2017.07.06"]
[Round "6"]
[White "Llamas Martinez, Pablo"]
[Black "Perez Sousa, Xabier"]
[Result "0-1"]
[WhiteElo "1453"]
[BlackElo "1323"]
[PlyCount "70"]
[EventDate "2017.07.03"]
[EventType "swiss"]
[EventRounds "9"]
[EventCountry "ESP"]
[SourceTitle "EXT 2024"]
[Source "ChessBase"]
[SourceDate "2023.10.10"]
[SourceVersion "1"]
[SourceVersionDate "2023.10.10"]
[SourceQuality "1"]

1. e4 c5 2. d4 cxd4 3. c3 g6 4. cxd4 d5 5. exd5 Qxd5 6. Nc3 Qd8 7. Nf3 Bg7 8. Bf4 Nf6 9. Bc4 0-0 10. 0-0 Nc6 11. d5 Nb8 12. Qb3 Nbd7 13. Rfe1 Nb6 14. Re2 Nxc4 15. Qxc4 Bf5 16. Bc7 Qd7 17. Rae1 Rfe8 18. Rd2 Rac8 19. Ne5 Qxc7 20. Qb3 Nd7 21. d6 exd6 22. Qxf7+ Kh8 23. Rde2 Nxe5 24. Qb3 Rf8 25. f4 Nd3 26. Rf1 Nc5 27. Qa3 Bd3 28. Rfe1 Bxe2 29. Rxe2 Bd4+ 30. Kh1 Rce8 31. Rxe8 Rxe8 32. h3 Re1+ 33. Kh2 Bg1+ 34. Kg3 Re3+ 35. Kg4 Qd7+ 0-1

[Event "Gallego-ch U10"]
[Site "Viveiro"]
[Date "2017.02.27"]
[Round "7"]
[White "Caudet Soto, Javier"]
[Black "Perez Sousa, Xabier"]
[Result "0-1"]
[WhiteElo "1200"]
[BlackElo "1346"]
[PlyCount "62"]
[EventDate "2017.02.25"]
[EventType "swiss"]
[EventRounds "8"]
[EventCountry "ESP"]
[SourceTitle "EXT 2024"]
[Source "ChessBase"]
[SourceDate "2023.10.10"]
[SourceVersion "1"]
[SourceVersionDate "2023.10.10"]
[SourceQuality "1"]

1. e4 d5 2. exd5 Qxd5 3. Nc3 Qa5 4. d4 Nf6 5. Bd2 c6 6. Nf3 Qc7 7. Bd3 Bg4 8. Qe2 Nbd7 9. h3 Bh5 10. g4 Bg6 11. 0-0-0 Bxd3 12. Qxd3 e6 13. Nh4 0-0-0 14. f4 Bd6 15. Rhf1 Nd5 16. Nxd5 exd5 17. Nf5 Bf8 18. Qb3 g6 19. Ng3 Bg7 20. Qa4 Kb8 21. Ba5 Nb6 22. Bxb6 Qxb6 23. Rf3 Qc7 24. Ne2 Rhe8 25. Ng3 Re7 26. f5 Rde8 27. f6 Bh6+ 28. Kb1 Re1 29. Rfd3 Qxg3 30. c3 Qxd3+ 31. Qc2 Rxd1# 0-1

[Event "Gallego-ch U10"]
[Site "Viveiro"]
[Date "2017.02.27"]
[Round "8"]
[White "Perez Sousa, Xabier"]
[Black "Del Prado Rodriguez, Xulio"]
[Result "1/2-1/2"]
[WhiteElo "1346"]
[BlackElo "1223"]
[PlyCount "25"]
[EventDate "2017.02.25"]
[EventType "swiss"]
[EventRounds "8"]
[EventCountry "ESP"]
[SourceTitle "EXT 2024"]
[Source "ChessBase"]
[SourceDate "2023.10.10"]
[SourceVersion "1"]
[SourceVersionDate "2023.10.10"]
[SourceQuality "1"]

1. e4 c5 2. c3 e6 3. Bc4 a6 4. a4 Nc6 5. f4 d6 6. Nf3 Qc7 7. 0-0 Nf6 8. d3 Be7 9. Qe1 0-0 10. Qg3 Kh8 11. Bd2 Nd7 12. Re1 Bf6 13. Ng5 1/2-1/2

[Event "Gallego-ch U10"]
[Site "Viveiro"]
[Date "2017.02.26"]
[Round "4"]
[White "Perez Sousa, Xabier"]
[Black "Cereijo Suarez, Alejandro"]
[Result "1/2-1/2"]
[WhiteElo "1346"]
[BlackElo "1361"]
[PlyCount "66"]
[EventDate "2017.02.25"]
[EventType "swiss"]
[EventRounds "8"]
[EventCountry "ESP"]
[SourceTitle "EXT 2024"]
[Source "ChessBase"]
[SourceDate "2023.10.10"]
[SourceVersion "1"]
[SourceVersionDate "2023.10.10"]
[SourceQuality "1"]

1. e4 g6 2. Nc3 Bg7 3. Bc4 d6 4. f4 Nd7 5. Nf3 e5 6. d3 Ngf6 7. 0-0 0-0 8. Qe1 a6 9. a4 exf4 10. Bxf4 Nc5 11. Qh4 Be6 12. Bxe6 Nxe6 13. Ng5 Nh5 14. g3 Nxg5 15. Bxg5 Bd4+ 16. Kg2 Qd7 17. g4 Ng7 18. Nd5 f5 19. exf5 gxf5 20. Ne7+ Kf7 21. Nxf5 Qc6+ 22. Kg3 Be5+ 23. Kh3 Nxf5 24. Rxf5+ Ke8 25. Qh5+ Kd7 26. Rf7+ Ke6 27. Rxf8 Rxf8 28. Qh6+ Rf6 29. Bxf6 Qf3+ 30. Kh4 Bxf6+ 31. g5 Qf4+ 32. Kh3 Qf3+ 33. Kh4 Qf4+ 1/2-1/2